000 00593cam a2200181 4500500
005 20260329002249.0
041 _afre
042 _adc
100 1 0 _aDuru, Martin
_eauthor
245 0 0 _aFlorence Dupont. « Un retour de l’art oratoire chez les hommes politiques »
260 _c2011.
500 _a88
690 _aArt oratoire
690 _aCommunication
690 _aPolitique
786 0 _nPhilosophie magazine | 53 | 10 | 2011-10-01 | p. 40-40 | 1951-1787
856 4 1 _uhttps://shs.cairn.info/magazine-philosophie-magazine-2011-10-page-40?lang=fr&redirect-ssocas=7080
999 _c1813322
_d1813322